| 000 | 00727nam a2200169 a 4500 | ||
|---|---|---|---|
| 008 | 170828s2016 ||||||||||||||||| || u | ||
| 050 | _aCBU-PG THESIS/DAK | ||
| 100 | _aDaka, Oliver | ||
| 245 | 1 | 3 |
_aAn assessment of the relationship between household food insecurity and domestic conflict generation in Sinazongwe District of Zambia _cby Oliver Daka |
| 260 |
_aKitwe: _bCopperbelt University _c2016 |
||
| 300 | _axii, 72p.: ill. | ||
| 500 | _aIncludes References | ||
| 650 | _aFOOD SUPPLY--ZAMBIA | ||
| 650 | _aDOMESTIC CONFLICT--ZAMBIA | ||
| 650 | 0 | _aHUNGER | |
| 995 |
_FCBU-MAIN LIBRARY (Kitwe) _M1 _UAVAILABLE _WAug 28, 2017 _XCopperbelt University _ZUniversity Collection |
||
| 999 |
_c35156 _d35156 |
||